00662cam a22001572 4500001001100000005001700011008004100028040001500069100003400084245016300118300001500281500010700296650004400403700002800447700002900475000002147820151217155910.0120607s xx 000 0 eng d aKABUcKABU1 aJagero, Nelson O.@000018237613aAn Evaluation of home environmental factors affeccting performance of boarding secondary school students in Kenya /cNelson O. Jagero, John Agak, T. M. Ayodo. a18 leaves. aPhotocopied from " Analytical reports in international education vol. 3. no. 1, June 2010, pp. 47-62". 0aEducational reportszKenya.@00001823771 aAgak, John.@00001823781 aAyodo, T. M.@0000182379